Géographie en G - Statistiques

Statistiques générales
  • Ce quiz a été pris 51 fois
  • Le résultat moyen est 13 sur 20
Statistiques - réponses
Hint Réponse % Correct
Pays européen considéré comme le berceau des Jeux olympiques antiques. Grèce
100%
Fleuve passant par Toulouse, Agen et Bordeaux Garonne
89%
Pays du Caucase dont la capitale est Tbilissi Géorgie
89%
Son détroit sépare l’Europe de l’Afrique à l’entrée de la Méditerranée Gibraltar
85%
Plus grand département de France métropolitaine en terme de superficie Gironde
83%
Ville égyptienne célèbre pour ses pyramides Gizeh
83%
Petit pays presque entièrement entouré par le Sénégal Gambie
80%
Préfecture des Hautes-Alpes Gap
80%
Canton suisse et ville siège de nombreuses organisations internationales Genève
78%
Plus grande île du monde hors Australie Groenland
70%
Immense canyon creusé par le Colorado en Arizona Grand Canyon
65%
Ville française considérée comme capitale mondiale du parfum Grasse
65%
Plus grand département français en terme de superficie Guyane
65%
État insulaire des Caraïbes surnommé “l’île aux épices” Grenade
50%
Capitale d'un pays du même nom Guatemala
48%
Ancienne région du Sud-Ouest français associée à d’Artagnan Gascogne
46%
Immense récif inscrit au patrimoine mondial, au nord-est de l’Australie Grande Barrière de corail
43%
Grand courant marin chaud de l’Atlantique Nord Gulf Stream
41%
Île américaine du Pacifique, dans les Mariannes Guam
24%
Grotte ornée de Dordogne célèbre pour ses peintures Grottes de Lascaux
0%
Aucun quiz correspondant
Distribution des résultats
% des personnes avec chaque résultat
Percentile par nombre de réponses
Votre historique - résultats
Vous n’avez pas pris ce quiz